| 000 | 00890nam a2200253Ia 4500 | ||
|---|---|---|---|
| 003 | OSt | ||
| 005 | 20221005105149.0 | ||
| 006 | a|||||r|||| 00| 0 | ||
| 007 | ta | ||
| 008 | 221004b |||||||| |||| 00| 0 hin d | ||
| 020 |
_a8178750809 (hbk) _c400 |
||
| 024 | _a97599 | ||
| 037 |
_b429, 25/03/2009, Swaraj Prakashan _cTextual |
||
| 040 |
_aCRL _cCRL _bhin |
||
| 041 |
_2hin _ahin |
||
| 082 | _aY15:4.2, 152P5 | ||
| 100 | _aइंदु भारती | ||
| 245 | 0 | _aआधी आबादी | |
| 246 | _aĀdhī ābādī | ||
| 260 |
_aनई दिल्ली _bअनामिका पब्लिशर्स एण्ड डिस्ट्रीब्यूटर्स भारत _c2005 |
||
| 300 |
_a248पृ0 _ccm. |
||
| 942 |
_hY15:4.2, 152P5 _cTEXL _2cc |
||
| 999 |
_c1014971 _d1014971 |
||